Управление проектами на основе стандарта PMI PMBOK. Изложение методологии и опыт применения: учебное пособие для вузов

Bibliografske podrobnosti
Glavni avtor: Павлов А. Н. Александр Николаевич
Izvleček:В этой книге руководитель РМ Expert — одной из лидирующих российских консалтинговых компаний в сфере проектного менеджмента — подробно излагает положения наиболее известного американского стандарта по управлению проектами. Автор рассматривает четвертую, последнюю, редакцию РМВОК®. Помимо собственно изложения стандарта книга содержит ценные авторские комментарии и рекомендации, существенно дополняющие и обогащающие ее основное содержание. Кроме того, в издание включен русско-английский глоссарий по проектному управлению. Книга будет полезна руководителям проектов, топ-менеджерам компаний, руководителям функциональных подразделений, студентам, аспирантам и преподавателям вузов экономико-управленческого профиля.
Jezik:ruščina
Izdano: Москва, Бином, 2011
Serija:Проекты, программы, портфели
Teme:
Format: MixedMaterials Knjiga
KOHA link:https://koha.lib.tpu.ru/cgi-bin/koha/opac-detail.pl?biblionumber=189506

MARC

LEADER 00000nam0a2200000 4500
001 189506
005 20231101224217.0
010 |a 9785996302963 
035 |a (RuTPU)RU\TPU\book\206032 
090 |a 189506 
100 |a 20101224d2011 m y0rusy50 ca 
101 0 |a rus 
102 |a RU 
105 |a a j 001zy 
200 1 |a Управление проектами на основе стандарта PMI PMBOK. Изложение методологии и опыт применения  |e учебное пособие для вузов  |f А. Н. Павлов 
210 |a Москва  |c Бином  |d 2011 
215 |a 208 с.  |c ил. 
225 1 |a Проекты, программы, портфели 
320 |a Глоссарий: с. 200-204. 
330 |a В этой книге руководитель РМ Expert — одной из лидирующих российских консалтинговых компаний в сфере проектного менеджмента — подробно излагает положения наиболее известного американского стандарта по управлению проектами. Автор рассматривает четвертую, последнюю, редакцию РМВОК®. Помимо собственно изложения стандарта книга содержит ценные авторские комментарии и рекомендации, существенно дополняющие и обогащающие ее основное содержание. Кроме того, в издание включен русско-английский глоссарий по проектному управлению. Книга будет полезна руководителям проектов, топ-менеджерам компаний, руководителям функциональных подразделений, студентам, аспирантам и преподавателям вузов экономико-управленческого профиля. 
606 1 |a Проектный менеджмент  |2 stltpush  |3 (RuTPU)RU\TPU\subj\69898  |9 84559 
610 1 |a управление 
610 1 |a проекты 
610 1 |a проектно-ориентированное управление 
610 1 |a интеграция 
610 1 |a изменения 
610 1 |a мониторинг 
610 1 |a контроль 
610 1 |a содержание 
610 1 |a проверка 
610 1 |a планирование 
610 1 |a бизнес-кейсы 
610 1 |a сроки 
610 1 |a стоимость 
610 1 |a качество 
610 1 |a персонал 
610 1 |a команда 
610 1 |a коммуникации 
610 1 |a риски 
610 1 |a поставки 
610 1 |a учебные пособия 
686 |a У9(2)212я73  |v LBC/SL-A  |2 rubbk 
700 1 |a Павлов  |b А. Н.  |g Александр Николаевич 
801 1 |a RU  |b 63413507  |c 20101224 
801 2 |a RU  |b 63413507  |c 20121011  |g RCR 
942 |c BK 
959 |a 94/20101223  |d 1  |e 275,00  |f ЧЗГЛ:1